[Event "VIE-chT (Women)"]
[Site "Bac Giang"]
[Date "2020.06.11"]
[Round "9.11"]
[White "Le, Thi Phuong Lien"]
[Black "Nguyen, Ha Khanh Linh"]
[Result "1-0"]
[WhiteElo "2058"]
[BlackElo "1546"]
[PlyCount "65"]
[EventDate "2020.06.06"]
[EventType "swiss"]
[EventRounds "9"]
[EventCountry "VIE"]
[SourceTitle "CBM 197 Extra"]
[Source "ChessBase"]
[SourceDate "2020.09.30"]
[SourceVersion "1"]
[SourceVersionDate "2020.09.30"]
[SourceQuality "1"]

1. d4 d6 2. e4 Nf6 3. Nc3 g6 4. f4 Bg7 5. Nf3 0-0 6. Be2 c6 7. a4 Qc7 8. 0-0 Bg4 9. Be3 Nbd7 10. e5 Nd5 11. Nxd5 cxd5 12. h3 Bxf3 13. Bxf3 e6 14. a5 Rfe8 15. Qd2 Rac8 16. Rfc1 Nb8 17. Bf2 Bh6 18. Be3 Red8 19. h4 Qe7 20. h5 Nc6 21. c3 Qh4 22. hxg6 hxg6 23. Rf1 Ne7 24. Be2 Nf5 25. Rf3 Nxe3 26. Qxe3 dxe5 27. dxe5 Bf8 28. Rh3 Bc5 29. Rxh4 Bxe3+ 30. Kh2 g5 31. fxg5 Bxg5 32. Rg4 f6 33. exf6 1-0

[Event "VIE-ch (Women)"]
[Site "Bac Giang"]
[Date "2017.11.26"]
[Round "6"]
[White "Le, Thi Phuong Lien"]
[Black "Nguyen, Thi Mai Hung"]
[Result "0-1"]
[WhiteElo "2058"]
[BlackElo "2321"]
[PlyCount "40"]
[EventDate "2017.11.23"]
[EventType "swiss"]
[EventRounds "9"]
[EventCountry "VIE"]
[SourceTitle "CBM 181 Extra"]
[Source "ChessBase"]
[SourceDate "2017.12.12"]
[SourceVersion "1"]
[SourceVersionDate "2017.12.12"]
[SourceQuality "1"]

1. e4 e6 2. d4 d5 3. exd5 exd5 4. Bd3 Bd6 5. h3 Nf6 6. Ne2 0-0 7. 0-0 Nc6 8. Nbc3 Nh5 9. g4 Qh4 10. Kg2 Bxg4 11. hxg4 Qh2+ 12. Kf3 Qh3+ 13. Ng3 Nxg3 14. fxg3 Qxg3+ 15. Ke2 Qg2+ 16. Rf2 Rae8+ 17. Be3 Rxe3+ 18. Kxe3 Re8+ 19. Kd2 Qxf2+ 20. Be2 Bf4+ 0-1

[Event "VIE-ch (Women)"]
[Site "Bac Giang"]
[Date "2017.11.23"]
[Round "2"]
[White "Le, Thi Phuong Lien"]
[Black "Luong, Hoang Tu Linh"]
[Result "1-0"]
[WhiteElo "2058"]
[BlackElo "1505"]
[PlyCount "71"]
[EventDate "2017.11.23"]
[EventType "swiss"]
[EventRounds "9"]
[EventCountry "VIE"]
[SourceTitle "CBM 181 Extra"]
[Source "ChessBase"]
[SourceDate "2017.12.12"]
[SourceVersion "1"]
[SourceVersionDate "2017.12.12"]
[SourceQuality "1"]

1. e4 d5 2. exd5 Qxd5 3. Nc3 Qa5 4. d4 c6 5. Bc4 Nf6 6. Nf3 Bg4 7. h3 Bh5 8. Bb3 e6 9. Bd2 Qc7 10. Qe2 Nbd7 11. g4 Bg6 12. Nh4 Bd6 13. 0-0-0 0-0-0 14. Kb1 Nd5 15. Nxg6 hxg6 16. Ne4 Bf4 17. c4 N5f6 18. Nc3 Nb6 19. Be3 g5 20. Qf3 Nbd7 21. h4 Bxe3 22. fxe3 gxh4 23. g5 Nh7 24. Qxf7 Nxg5 25. Qg6 Nf3 26. Rh3 Rdf8 27. Qg4 g5 28. Rxf3 Rxf3 29. Qxf3 h3 30. Rh1 h2 31. Ne4 e5 32. Nxg5 exd4 33. exd4 Rg8 34. Qe3 Qd8 35. Nf3 Re8 36. Qf2 1-0

[Event "VIE-ch (Women)"]
[Site "Bac Giang"]
[Date "2017.11.23"]
[Round "1"]
[White "Nguyen, Hong Anh"]
[Black "Le, Thi Phuong Lien"]
[Result "1/2-1/2"]
[WhiteElo "1791"]
[BlackElo "2058"]
[PlyCount "56"]
[EventDate "2017.11.23"]
[EventType "swiss"]
[EventRounds "9"]
[EventCountry "VIE"]
[SourceTitle "CBM 181 Extra"]
[Source "ChessBase"]
[SourceDate "2017.12.12"]
[SourceVersion "1"]
[SourceVersionDate "2017.12.12"]
[SourceQuality "1"]

1. d4 Nf6 2. c4 e6 3. Nf3 b6 4. g3 Bb7 5. Bg2 d6 6. 0-0 Nbd7 7. Nc3 Ne4 8. Qc2 Nxc3 9. Qxc3 Nf6 10. Rd1 Be4 11. d5 e5 12. Bg5 h6 13. Nxe5 hxg5 14. Nc6 Qd7 15. Qe3 Qf5 16. Rd4 Kd7 17. Bxe4 Qh3 18. Bg2 Qxh2+ 19. Kf1 Qh5 20. Qb3 Be7 21. Qa4 Ke8 22. Qa6 Kd7 23. Qa4 a6 24. Bf3 Qh3+ 25. Bg2 Qh5 26. Bf3 Qh3+ 27. Ke1 Qh2 28. Kf1 Qh3+ 1/2-1/2

[Event "VIE-chT (Women)"]
[Site "Ho Chi Minh City"]
[Date "2017.07.26"]
[Round "4.6"]
[White "Le, Thi Phuong Lien"]
[Black "Nguyen, Truong Bao Tran"]
[Result "1/2-1/2"]
[WhiteElo "2058"]
[BlackElo "1873"]
[PlyCount "82"]
[EventDate "2017.07.24"]
[EventType "team-swiss"]
[EventRounds "9"]
[EventCountry "VIE"]
[SourceTitle "EXT 2019"]
[Source "ChessBase"]
[SourceDate "2018.10.10"]
[SourceVersion "1"]
[SourceVersionDate "2018.10.10"]
[SourceQuality "1"]

1. e4 c6 2. d4 d5 3. e5 Bf5 4. f4 g6 5. Bd3 Nh6 6. Nf3 Bg7 7. 0-0 0-0 8. Bxf5 Nxf5 9. g4 Nh6 10. h3 f6 11. e6 Qc8 12. f5 gxf5 13. Bxh6 Bxh6 14. gxf5 Kh8 15. Nc3 Na6 16. Kh1 Rg8 17. Nh2 Qc7 18. Ne2 c5 19. Ng4 Bg5 20. h4 Bxh4 21. Nh6 Rg7 22. Nf7+ Kg8 23. Nf4 Bg5 24. Nh5 Rxf7 25. exf7+ Kxf7 26. Qf3 Rd8 27. c3 Qd6 28. Rae1 Nc7 29. Re2 cxd4 30. cxd4 Nb5 31. Qg4 Qb4 32. Rd1 Nd6 33. Ng3 h6 34. Qh5+ Kf8 35. Qg6 Ne4 36. Nxe4 dxe4 37. Rxe4 Qxb2 38. Qh7 Qa3 39. Qh8+ Kf7 40. Qh7+ Kf8 41. Qh8+ Kf7 1/2-1/2

[Event "VIE-ch (Women)"]
[Site "Bac Giang"]
[Date "2016.06.22"]
[Round "1"]
[White "Le, Thi Phuong Lien"]
[Black "Luu, Ha Bich Ngoc"]
[Result "1-0"]
[WhiteElo "2058"]
[BlackElo "1409"]
[PlyCount "63"]
[EventDate "2016.06.22"]
[EventType "swiss"]
[EventRounds "9"]
[EventCountry "VIE"]
[SourceTitle "EXT 2017"]
[Source "ChessBase"]
[SourceDate "2016.10.25"]
[SourceVersion "1"]
[SourceVersionDate "2016.10.25"]
[SourceQuality "1"]

1. e4 c5 2. Nf3 e6 3. c4 Nc6 4. d4 cxd4 5. Nxd4 Nf6 6. Nc3 Bb4 7. Nxc6 bxc6 8. e5 Ne4 9. Bd2 Qh4 10. g3 Nxc3 11. gxh4 Nxd1 12. Bxb4 Nxb2 13. Bd6 Ba6 14. Rc1 f6 15. Rg1 Kf7 16. Rg3 Rhc8 17. Ra3 Bxc4 18. Bxc4 Nxc4 19. Rxc4 a6 20. Rca4 c5 21. f4 Rc6 22. Kd2 f5 23. Kc3 Kg6 24. Ra5 Kh5 25. Rxc5 Rxc5+ 26. Bxc5 Kxh4 27. Kd4 h6 28. Rg3 g5 29. Be7 Rg8 30. Kc5 Kh5 31. Kd6 Rg6 32. Kxd7 1-0

[Event "Ho Chi Minh City HD Bank op-B 6th"]
[Site "Ho Chi Minh City"]
[Date "2016.03.10"]
[Round "4"]
[White "Le, Thi Phuong Lien"]
[Black "Nguyen, Ngoc Thuy Trang"]
[Result "1-0"]
[WhiteElo "2091"]
[BlackElo "1881"]
[PlyCount "81"]
[EventDate "2016.03.08"]
[EventType "swiss"]
[EventRounds "9"]
[EventCountry "VIE"]
[SourceTitle "CBM 171 Extra"]
[Source "ChessBase"]
[SourceDate "2016.04.26"]
[SourceVersion "1"]
[SourceVersionDate "2016.04.26"]
[SourceQuality "1"]

1. e4 e6 2. d3 d5 3. Nd2 c5 4. g3 Nc6 5. Bg2 Nf6 6. Ne2 d4 7. 0-0 Be7 8. h3 Bd7 9. f4 Qc7 10. c3 e5 11. fxe5 Nxe5 12. cxd4 Nxd3 13. e5 Nxc1 14. Rxc1 Ng8 15. Ne4 Nh6 16. Nxc5 Bxc5 17. Rxc5 Qb6 18. Qd2 0-0 19. g4 Rac8 20. Rfc1 Rcd8 21. b3 Rfe8 22. Ng3 a6 23. Qf4 Kf8 24. Kh2 Qb4 25. R5c4 Qe7 26. g5 Ng8 27. Bxb7 Qe6 28. Bg2 Ne7 29. Rc5 Ng6 30. Qf2 Nh4 31. Re1 Nxg2 32. Qxg2 Qg6 33. h4 Qd3 34. Qe4 Qd2+ 35. Re2 Qd1 36. d5 Bb5 37. Rf2 Rd7 38. e6 Ra7 39. Qxh7 Qd4 40. Qh8+ Ke7 41. Nf5+ 1-0

[Event "VIE-chT (Women)"]
[Site "Ho Chi Minh City"]
[Date "2015.07.22"]
[Round "7.8"]
[White "Nguyen, Thi Minh Oanh"]
[Black "Le, Thi Phuong Lien"]
[Result "0-1"]
[WhiteElo "1772"]
[BlackElo "2091"]
[PlyCount "102"]
[EventDate "2015.07.16"]
[EventType "team-swiss"]
[EventRounds "9"]
[EventCountry "VIE"]
[SourceTitle "EXT 2016"]
[Source "ChessBase"]
[SourceDate "2015.10.08"]
[SourceVersion "1"]
[SourceVersionDate "2015.10.08"]
[SourceQuality "1"]

1. d4 f5 2. c4 g6 3. Nc3 Nf6 4. e3 Bg7 5. b3 d6 6. Nf3 0-0 7. Bb2 c6 8. g3 Na6 9. Bg2 Qe8 10. 0-0 e5 11. Ba3 e4 12. Ne1 Qd8 13. Rc1 Re8 14. Qd2 Nc7 15. Nc2 d5 16. c5 Ne6 17. b4 a6 18. Bb2 g5 19. a4 f4 20. b5 f3 21. Bh1 axb5 22. axb5 Qe7 23. Nb4 Bd7 24. Ra1 Qf7 25. Rxa8 Rxa8 26. bxc6 bxc6 27. Nd3 exd3 28. Bxf3 Qg6 29. Rd1 g4 30. Bg2 Ng5 31. Qxd3 Qxd3 32. Rxd3 Nf3+ 33. Kh1 Bf5 34. Rd1 Rb8 35. Bc1 Ne4 36. Nxe4 Bxe4 37. Ba3 Bf6 38. Ra1 Bd8 39. Bxf3 Bxf3+ 40. Kg1 Ba5 41. h4 Rb3 42. Bc1 Rd3 43. Ba3 Kf7 44. Kh2 Ke6 45. Kg1 Kf5 46. Kh2 Ke4 47. Kg1 Rd1+ 48. Rxd1 Bxd1 49. Kf1 Bf3 50. Bc1 Kd3 51. e4 Kxe4 0-1

[Event "VIE-chT (Women)"]
[Site "Ho Chi Minh City"]
[Date "2015.07.18"]
[Round "3.6"]
[White "Nguyen, Thi Thao Linh"]
[Black "Le, Thi Phuong Lien"]
[Result "0-1"]
[WhiteElo "1882"]
[BlackElo "2091"]
[PlyCount "48"]
[EventDate "2015.07.16"]
[EventType "team-swiss"]
[EventRounds "9"]
[EventCountry "VIE"]
[SourceTitle "EXT 2016"]
[Source "ChessBase"]
[SourceDate "2015.10.08"]
[SourceVersion "1"]
[SourceVersionDate "2015.10.08"]
[SourceQuality "1"]

1. d4 Nf6 2. Nf3 b6 3. e3 e6 4. Bd3 Bb7 5. 0-0 Be7 6. Nbd2 d5 7. b3 0-0 8. Bb2 Nbd7 9. Re1 Ne4 10. Ne5 f5 11. f3 Nxe5 12. dxe5 Nc5 13. Nf1 f4 14. c4 Nxd3 15. Qxd3 fxe3 16. Nxe3 Bc5 17. Kh1 dxc4 18. Qxc4 Qg5 19. Qxe6+ Kh8 20. Nc4 Rxf3 21. Re2 Raf8 22. h3 Rf1+ 23. Kh2 Bg1+ 24. Kh1 Qg3 0-1

[Event "Ho Chi Minh City zt 3.3 (Women)"]
[Site "Ho Chi Minh City"]
[Date "2015.03.15"]
[Round "9"]
[White "Le, Thi Phuong Lien"]
[Black "Le, Kieu Thien Kim"]
[Result "0-1"]
[WhiteElo "2119"]
[BlackElo "2138"]
[PlyCount "108"]
[EventDate "2015.03.07"]
[EventType "swiss"]
[EventRounds "9"]
[EventCountry "VIE"]
[SourceTitle "CBM 165 Extra"]
[Source "ChessBase"]
[SourceDate "2015.04.21"]
[SourceVersion "1"]
[SourceVersionDate "2015.04.21"]
[SourceQuality "1"]

1. e4 Nf6 2. e5 Nd5 3. d4 d6 4. exd6 cxd6 5. c4 Nb6 6. Nc3 g6 7. Be3 Bg7 8. Rc1 0-0 9. Bd3 Nc6 10. Nge2 Nb4 11. b3 Nxd3+ 12. Qxd3 Bf5 13. Qd2 a5 14. a4 d5 15. c5 Nc8 16. Nb5 Na7 17. Nec3 Nc6 18. 0-0 Rc8 19. Rfd1 Qd7 20. Bh6 Nb4 21. Bxg7 Kxg7 22. Na2 Nc6 23. Nac3 Rfd8 24. h3 Qe6 25. g4 Be4 26. Re1 Qf6 27. Nxe4 dxe4 28. Rxe4 Rd5 29. Qe3 Rcd8 30. Rf4 Qh4 31. Qf3 f5 32. Nc7 Nxd4 33. Qe3 e5 34. Nxd5 Rxd5 35. Rxd4 exd4 36. Qf3 Qd8 37. c6 bxc6 38. Rxc6 d3 39. Rc7+ Rd7 40. Rxd7+ Qxd7 41. gxf5 d2 42. Qd1 gxf5 43. h4 Qd4 44. Kf1 Qd3+ 45. Kg2 f4 46. f3 Kf7 47. Kf2 h5 48. Kg2 Ke6 49. Kg1 Kd5 50. Kf2 Kc5 51. Kg2 Kb4 52. Kh3 Kc3 53. b4 Qf5+ 54. Kg2 Qc2 0-1

[Event "Ho Chi Minh City zt 3.3 (Women)"]
[Site "Ho Chi Minh City"]
[Date "2015.03.11"]
[Round "5"]
[White "Le, Thi Phuong Lien"]
[Black "Nguyen, Xuan Nhi"]
[Result "1/2-1/2"]
[WhiteElo "2119"]
[BlackElo "1638"]
[PlyCount "85"]
[EventDate "2015.03.07"]
[EventType "swiss"]
[EventRounds "9"]
[EventCountry "VIE"]
[SourceTitle "CBM 165 Extra"]
[Source "ChessBase"]
[SourceDate "2015.04.21"]
[SourceVersion "1"]
[SourceVersionDate "2015.04.21"]
[SourceQuality "1"]

1. d4 d5 2. Bf4 Bf5 3. c3 Nf6 4. Qb3 Qc8 5. Nf3 e6 6. Nh4 Bg6 7. Nxg6 hxg6 8. h3 Be7 9. e3 0-0 10. Nd2 Nbd7 11. Rc1 c5 12. Qd1 c4 13. Be2 b5 14. 0-0 Qa6 15. a3 Bd6 16. Bf3 Bxf4 17. exf4 Qd6 18. g3 Rab8 19. Re1 a5 20. b4 axb4 21. axb4 Ra8 22. Ra1 Ra6 23. Rxa6 Qxa6 24. Nb1 Ra8 25. g4 Qd6 26. Qc1 Ra2 27. h4 Ne4 28. Re2 Qa6 29. Rb2 Nb6 30. Kg2 Ra1 31. Qc2 Qa4 32. Qc1 f5 33. g5 Qa7 34. Bd1 Ra2 35. f3 Rxb2+ 36. Qxb2 Nd6 37. Kg3 Qa8 38. Qe2 Qe8 39. Qe5 Nbc8 40. Na3 Qe7 41. Nb1 Qe8 42. Na3 Qe7 43. Nb1 1/2-1/2

[Event "Ho Chi Minh City zt 3.3 (Women)"]
[Site "Ho Chi Minh City"]
[Date "2015.03.10"]
[Round "4"]
[White "Ngo, Thi Kim Tuyen"]
[Black "Le, Thi Phuong Lien"]
[Result "1-0"]
[WhiteElo "2027"]
[BlackElo "2119"]
[PlyCount "69"]
[EventDate "2015.03.07"]
[EventType "swiss"]
[EventRounds "9"]
[EventCountry "VIE"]
[SourceTitle "CBM 165 Extra"]
[Source "ChessBase"]
[SourceDate "2015.04.21"]
[SourceVersion "1"]
[SourceVersionDate "2015.04.21"]
[SourceQuality "1"]

1. d4 f5 2. c4 Nf6 3. Nf3 g6 4. g3 Bg7 5. Bg2 0-0 6. Nc3 d6 7. 0-0 c6 8. b4 Qe8 9. Rb1 e5 10. dxe5 dxe5 11. b5 e4 12. Nd4 c5 13. Nc2 Be6 14. Ne3 Qf7 15. Qb3 Nbd7 16. Ncd5 Ne5 17. Bb2 Nxc4 18. Bxf6 Nxe3 19. Ne7+ Kh8 20. Nxg6+ hxg6 21. Bxg7+ Kxg7 22. Qxe3 Bxa2 23. Rbd1 b6 24. f3 exf3 25. Bxf3 Rad8 26. Bc6 Kh7 27. Qg5 Qc7 28. Ra1 Bd5 29. Rf4 Bxc6 30. bxc6 a5 31. e4 Qxc6 32. Rh4+ Kg8 33. Qh6 Kf7 34. exf5 Qf6 35. Qh7+ 1-0

[Event "Ho Chi Minh City HD Bank op 4th"]
[Site "Ho Chi Minh City"]
[Date "2014.03.14"]
[Round "8"]
[White "Le, Minh Hoang"]
[Black "Le, Thi Phuong Lien"]
[Result "0-1"]
[WhiteElo "1931"]
[BlackElo "2143"]
[PlyCount "95"]
[EventDate "2014.03.10"]
[EventType "swiss"]
[EventRounds "9"]
[EventCountry "VIE"]
[SourceTitle "CBM 159 Extra"]
[Source "ChessBase"]
[SourceDate "2014.04.24"]
[SourceVersion "1"]
[SourceVersionDate "2014.04.24"]
[SourceQuality "1"]

1. d4 d5 2. c4 dxc4 3. Nf3 Nf6 4. e3 e6 5. Bxc4 a6 6. 0-0 c5 7. b3 b5 8. Be2 Bb7 9. a4 b4 10. Bb2 Nbd7 11. Nbd2 cxd4 12. Nxd4 Be7 13. Bf3 Nd5 14. Rc1 Rc8 15. Rxc8 Qxc8 16. Nc4 0-0 17. Nf5 exf5 18. Bxd5 Rd8 19. Bxb7 Qxb7 20. Nd6 Qb6 21. Nxf5 Bf6 22. Bxf6 Nxf6 23. Qc2 Nd5 24. Qc4 Nc3 25. h3 a5 26. Nd4 h6 27. Nc6 Re8 28. Rc1 Rxe3 29. fxe3 Qxe3+ 30. Kh2 Qxc1 31. Ne5 Na2 32. Qxf7+ Kh7 33. Qf5+ Kg8 34. Qf7+ Kh7 35. Ng6 Qg5 36. Nf8+ Kh8 37. Nd7 Qd8 38. Qf5 Nc3 39. Ne5 Qb8 40. Kh1 Qe8 41. Ng6+ Kg8 42. Kh2 Ne2 43. Qd5+ Kh7 44. Ne5 Nc3 45. Qxa5 Qf8 46. Nf3 Qf4+ 47. Kh1 Ne4 48. Qc5 0-1

[Event "VIE-ch KO (Women)"]
[Site "Can Tho"]
[Date "2012.03.26"]
[Round "1.2"]
[White "Le, Thi Phuong Lien"]
[Black "Nguyen Thi Thuy, Trien"]
[Result "1-0"]
[WhiteElo "2169"]
[BlackElo "1936"]
[PlyCount "73"]
[EventDate "2012.03.26"]
[EventType "k.o."]
[EventRounds "3"]
[EventCountry "VIE"]
[SourceTitle "EXT 2013"]
[Source "ChessBase"]
[SourceDate "2012.11.22"]
[SourceVersion "1"]
[SourceVersionDate "2012.11.22"]
[SourceQuality "1"]

1. e4 c6 2. d4 d5 3. Nc3 dxe4 4. Nxe4 Bf5 5. Ng3 Bg6 6. h4 h6 7. Nf3 Nd7 8. h5 Bh7 9. Bd3 Bxd3 10. Qxd3 Ngf6 11. Bd2 Qc7 12. 0-0-0 0-0-0 13. Qe2 e6 14. Ne5 Nb6 15. c3 c5 16. Kb1 cxd4 17. cxd4 Kb8 18. Ba5 Bd6 19. Rc1 Qe7 20. Bxb6 axb6 21. Ne4 Bxe5 22. dxe5 Nxe4 23. Qxe4 Rd2 24. Rh3 Rhd8 25. Rg3 R8d4 26. Qh7 Rxf2 27. Qxg7 Qd8 28. Qxh6 Rdd2 29. Rb3 Rxg2 30. Qe3 Rde2 31. Qf4 Ref2 32. Qa4 Rc2 33. Rxc2 Rg1+ 34. Rc1 Rxc1+ 35. Kxc1 Qg5+ 36. Kc2 Qg2+ 37. Kc3 1-0

[Event "VIE-ch (Women)"]
[Site "Can Tho"]
[Date "2012.03.23"]
[Round "7"]
[White "Hoang, Thi Hai Anh"]
[Black "Le, Thi Phuong Lien"]
[Result "0-1"]
[WhiteElo "1918"]
[BlackElo "2169"]
[PlyCount "88"]
[EventDate "2012.03.19"]
[EventType "swiss"]
[EventRounds "9"]
[EventCountry "VIE"]
[SourceTitle "EXT 2013"]
[Source "ChessBase"]
[SourceDate "2012.11.22"]
[SourceVersion "1"]
[SourceVersionDate "2012.11.22"]
[SourceQuality "1"]

1. d4 d5 2. Nf3 Nf6 3. g3 c6 4. Bg2 Bf5 5. 0-0 e6 6. b3 h6 7. Bb2 Be7 8. Nbd2 Nbd7 9. Ne5 0-0 10. Re1 Ne4 11. Nxe4 Bxe4 12. Bxe4 dxe4 13. Nxd7 Qxd7 14. e3 Rad8 15. c4 Bd6 16. Qc2 f5 17. Rad1 Qf7 18. Rf1 Qh5 19. f4 exf3 20. Qf2 Rd7 21. Qxf3 Qg6 22. d5 cxd5 23. Kh1 dxc4 24. Be5 Rfd8 25. Bxd6 Rxd6 26. Rxd6 Rxd6 27. Qxb7 Rd2 28. Qc8+ Kh7 29. Qxc4 Rxa2 30. b4 Rd2 31. Kg1 Qh5 32. h4 Qg6 33. Qf4 Qf6 34. Rf2 Qa1+ 35. Kg2 Rd1 36. Rf1 Rxf1 37. Qxf1 Qxf1+ 38. Kxf1 g5 39. hxg5 hxg5 40. b5 Kg6 41. Ke2 e5 42. Kf3 Kf6 43. Ke2 Ke6 44. e4 f4 0-1

[Event "VIE-ch (Women)"]
[Site "Can Tho"]
[Date "2012.03.20"]
[Round "3"]
[White "Ton, Nu Hong An"]
[Black "Le, Thi Phuong Lien"]
[Result "1-0"]
[WhiteElo "1987"]
[BlackElo "2169"]
[PlyCount "91"]
[EventDate "2012.03.19"]
[EventType "swiss"]
[EventRounds "9"]
[EventCountry "VIE"]
[SourceTitle "EXT 2013"]
[Source "ChessBase"]
[SourceDate "2012.11.22"]
[SourceVersion "1"]
[SourceVersionDate "2012.11.22"]
[SourceQuality "1"]

1. d4 d5 2. c4 Nf6 3. Nc3 g6 4. cxd5 Nxd5 5. e4 Nxc3 6. bxc3 Bg7 7. Nf3 0-0 8. Qb3 c5 9. Be3 Qc7 10. h3 Nc6 11. Rc1 Na5 12. Qb5 c4 13. d5 b6 14. Be2 e6 15. 0-0 exd5 16. exd5 Bd7 17. Qb4 Rac8 18. Rfd1 Rfe8 19. d6 Qb8 20. Nd4 Be5 21. Nf3 Bg7 22. Rd2 Nc6 23. Qxc4 Nd4 24. Qb4 Nxe2+ 25. Rxe2 Rc6 26. Rd2 Rec8 27. c4 a5 28. Qb3 Be6 29. d7 Rd8 30. Qb5 Qc7 31. Rcd1 Bxc4 32. Qb1 Be6 33. Qe4 Bc3 34. Bf4 Qb7 35. Ne5 Rc7 36. Qxb7 Rxb7 37. Bg5 Bxd7 38. Bxd8 Bxd2 39. Rxd2 Be6 40. Bf6 Rb8 41. a3 h5 42. Nc6 Ra8 43. Rb2 Kh7 44. Rxb6 Bd5 45. Nb8 a4 46. Rd6 1-0

[Event "VIE-ch (Women) playoff"]
[Site "Ho Chi Minh City"]
[Date "2010.04.03"]
[Round "4"]
[White "Le, Thi Phuong Lien"]
[Black "Vo Thi Kim, Phung"]
[Result "1-0"]
[WhiteElo "2176"]
[BlackElo "2084"]
[PlyCount "81"]
[EventDate "2010.04.01"]
[EventType "match"]
[EventRounds "4"]
[EventCountry "VIE"]
[SourceTitle "CBM 135 Extra"]
[Source "ChessBase"]
[SourceDate "2010.05.04"]
[SourceVersion "1"]
[SourceVersionDate "2010.05.04"]
[SourceQuality "1"]

1. e4 c5 2. Nf3 Nc6 3. d4 cxd4 4. Nxd4 Nf6 5. Nc3 d6 6. Bg5 Qb6 7. Bxf6 gxf6 8. Nb3 Rg8 9. Nd5 Qd8 10. Qh5 h6 11. h3 a6 12. 0-0-0 Be6 13. f4 Rc8 14. Kb1 b5 15. Rg1 Rg3 16. Be2 f5 17. Bf3 fxe4 18. Bxe4 Bxd5 19. Bxd5 Rg6 20. Rge1 Qc7 21. Rd3 Nb4 22. Rc3 Nxd5 23. Rxc7 Nxc7 24. Qf3 d5 25. f5 Rd6 26. Qg3 Rc6 27. Nd4 Rc4 28. Qe5 Kd7 29. g4 Re8 30. c3 Rb8 31. f6 e6 32. Qh5 b4 33. Qxf7+ Kd6 34. Nxe6 Re8 35. Re2 bxc3 36. bxc3 Rb8+ 37. Kc2 Nb5 38. Nxf8 Rxc3+ 39. Kd2 Rc7 40. Qe6+ Kc5 41. Nd7+ 1-0

[Event "VIE-ch (Women)"]
[Site "Ho Chi Minh City"]
[Date "2010.03.30"]
[Round "8"]
[White "Le, Thi Phuong Lien"]
[Black "Le, Thi Ha"]
[Result "1/2-1/2"]
[WhiteElo "2176"]
[BlackElo "1888"]
[PlyCount "132"]
[EventDate "2010.03.26"]
[EventType "swiss"]
[EventRounds "9"]
[EventCountry "VIE"]
[SourceTitle "CBM 135 Extra"]
[Source "ChessBase"]
[SourceDate "2010.05.04"]
[SourceVersion "1"]
[SourceVersionDate "2010.05.04"]
[SourceQuality "1"]

1. e4 e5 2. Nf3 Nc6 3. d4 exd4 4. Nxd4 Bc5 5. c3 Qf6 6. Be3 Nge7 7. Bc4 Ne5 8. Be2 0-0 9. f4 N5g6 10. e5 Nxe5 11. fxe5 Qxe5 12. Bf2 Nd5 13. 0-0 Ne3 14. Bxe3 Qxe3+ 15. Kh1 d5 16. Qd3 Qh6 17. Nd2 Bd6 18. N2f3 Re8 19. Rae1 Re3 20. Qd2 c5 21. Nb5 Bf4 22. Bd3 Bd7 23. Rxe3 Bxe3 24. Qe1 Bf4 25. Qh4 c4 26. Qxh6 gxh6 27. Bf5 Bxf5 28. Nfd4 a6 29. Nxf5 axb5 30. Rxf4 Rxa2 31. h3 Rxb2 32. Ne7+ Kf8 33. Nxd5 Rd2 34. Nb4 Rd1+ 35. Kh2 Rc1 36. Rf3 Ke7 37. Nd5+ Ke6 38. Nf6 b4 39. cxb4 Rb1 40. Ng4 Rxb4 41. Nxh6 Rb3 42. Nxf7 Kd5 43. Kg3 c3 44. Kf2 c2 45. Rxb3 c1Q 46. Rxb7 Qc6 47. Nd8 Qf6+ 48. Kg1 Qxd8 49. Rf7 Qb6+ 50. Kh2 Qg6 51. Rf3 h5 52. Kg1 Ke4 53. Kh2 h4 54. Kg1 Qd6 55. Kh1 Qd1+ 56. Kh2 Qc1 57. Rf7 Qa1 58. Rf3 Qb1 59. Rf7 Qb8+ 60. Kh1 Ke3 61. Rf3+ Ke2 62. Kg1 Qa8 63. Kh2 Qa1 64. Rf7 Qe5+ 65. Kh1 Qa1+ 66. Kh2 Qe5+ 1/2-1/2

[Event "VIE-ch (Women)"]
[Site "Ho Chi Minh City"]
[Date "2010.03.28"]
[Round "4"]
[White "Le, Thi Phuong Lien"]
[Black "Bui, Kim Le"]
[Result "1-0"]
[WhiteElo "2176"]
[BlackElo "2147"]
[PlyCount "47"]
[EventDate "2010.03.26"]
[EventType "swiss"]
[EventRounds "9"]
[EventCountry "VIE"]
[SourceTitle "CBM 135 Extra"]
[Source "ChessBase"]
[SourceDate "2010.05.04"]
[SourceVersion "1"]
[SourceVersionDate "2010.05.04"]
[SourceQuality "1"]

1. e4 e5 2. Nf3 Nf6 3. d3 Nc6 4. c4 h6 5. Be2 Bb4+ 6. Nc3 d6 7. 0-0 Bxc3 8. bxc3 0-0 9. Ne1 Nh7 10. f4 f5 11. exf5 exf4 12. Bxf4 Bxf5 13. Nc2 Kh8 14. Qd2 Rb8 15. Ne3 Bd7 16. d4 Ne7 17. Bd3 Ng8 18. Rae1 Qh4 19. Nd5 Qd8 20. Bg3 Rxf1+ 21. Rxf1 Ngf6 22. Bh4 Qf8 23. Bxh7 Kxh7 24. Bxf6 1-0